00687nam a22001937a 4500999001900000005001700019010001500036020003000051035001400081037000900095082001400104100001800118245006300136260003700199270008000236300002700316942002800343952012200371 c183759d18375920220104120055.0 aENG-130895 a978-93-90961-08-5c695.00 aEN-114427 bDBAD a307.10954 aSingh, Sahana aRevisiting The Educational Heritage Of IndiacSAHANA SINGH aNew DelhibRenu Kaul Vermac2022 bNew Delhie110002a2/15, Ansari Road, Daryaganjminfo@vitastapublishing.com axxiii, 282pc22cm(hbk) 2ddccENh307.10954mSAH 001040708NFICaMbMd2022-01-04eDBAD/PUBg695.00l0o307.10954 SAHpEN-114427r2022-01-04 00:00:00t1v695.00yEN